[Event "Udine Oro Caffe op 1st"]
[Site "Udine"]
[Date "2008.07.06"]
[Round "2"]
[White "Del Forno Sinicco, Michele"]
[Black "Miseri, Paolo"]
[Result "1-0"]
[WhiteElo "1559"]
[BlackElo "1491"]
[PlyCount "169"]
[EventDate "2008.07.05"]
[EventType "swiss"]
[EventRounds "6"]
[EventCountry "ITA"]
[SourceTitle "EXT 2010"]
[Source "ChessBase"]
[SourceDate "2010.11.25"]
[SourceVersion "1"]
[SourceVersionDate "2010.11.25"]
[SourceQuality "1"]

1. Nf3 d5 2. d4 Bg4 3. g3 Bxf3 4. exf3 e6 5. Bg2 c5 6. 0-0 cxd4 7. Qxd4 Nc6 8. Qa4 Qd7 9. c3 Ne5 10. Qxd7+ Nxd7 11. Be3 Ngf6 12. Nd2 Bc5 13. Rfe1 0-0 14. Nb3 Bxe3 15. Rxe3 Rac8 16. Nd4 a6 17. Rd1 b5 18. Bh3 h5 19. Nxe6 fxe6 20. Bxe6+ Kh7 21. Bxd5 Nxd5 22. Rxd5 Nf6 23. Rd6 Ra8 24. Ree6 Rfb8 25. Rxa6 Rxa6 26. Rxa6 Rb7 27. Re6 Kg6 28. Re5 Rb6 29. Kf1 Kf7 30. Rc5 Ke6 31. Ke2 g6 32. Kd2 Nd7 33. Rc8 Kf5 34. h3 Ne5 35. Rc5 Ke6 36. f4 Nc4+ 37. Kc2 Nd6 38. b3 Kf6 39. Re5 Nf7 40. Rc5 Nd6 41. Kd3 Ra6 42. c4 bxc4+ 43. bxc4 Rxa2 44. Rc6 Ke7 45. c5 Ra3+ 46. Ke2 Ra2+ 47. Kf3 Ra3+ 48. Kg2 Ne4 49. Rxg6 Nxc5 50. Rg5 Nd3 51. Rxh5 Ne1+ 52. Kf1 Nf3 53. h4 Kf6 54. Rh8 Kg7 55. Re8 Nd4 56. Kg2 Kf7 57. Re3 Ra2 58. Re4 Nf5 59. h5 Kf6 60. g4 Ne7 61. g5+ Kf7 62. Kf3 Rb2 63. h6 Ng6 64. f5 Nf8 65. Ra4 Rb7 66. Kg4 Nd7 67. f4 Kg8 68. g6 Nf6+ 69. Kg5 Nh7+ 70. Kh5 Rb8 71. Ra7 Nf6+ 72. Kg5 Rc8 73. h7+ Kh8 74. Rf7 Ng8 75. g7+ Kxh7 76. Kh5 Rb8 77. f6 Rb1 78. Kg5 Rg1+ 79. Kf5 Nh6+ 80. Ke6 Nxf7 81. Kxf7 Rg4 82. Kf8 Rg2 83. f7 Rxg7 84. f5 Kh8 85. Ke7 1-0